| 000 | 00628nam a2200193 i 4500 | ||
|---|---|---|---|
| 001 | 129103 | ||
| 003 | ES-MaACL | ||
| 005 | 20250918063035.0 | ||
| 007 | t| | ||
| 008 | 070605s1968 sp ||||1| spa d | ||
| 100 | 1 |
_aTeilhard de Chardin, Pierre, _d1881-1955 _9109521 |
|
| 245 | 1 | 0 |
_aCiencia y Cristo / _cPierre Teilhard de Chardin ; prólogo de N.M. Wildiers ; versión española de Julio Cerón. |
| 260 |
_a[Madrid : _bTaurus, _c1968] |
||
| 300 |
_a258 p. ; _c21 cm. |
||
| 700 | 1 |
_aWildiers, N. M. _9116833 |
|
| 700 | 1 |
_aCerón, Julio. _937544 |
|
| 852 |
_aES-MaACL _jC-34643 _bR.67227 |
||
| 999 |
_c129103 _d129103 |
||